Выбор условий спектрофотометрического анализа смесей (лекарственных препаратов) с применением математического моделирования: автореферат диссертации на соискание ученой степени кандидата химических наук; спец. 02.00.02

Bibliografiske detaljer
Hovedforfatter: Шилова А. В. Анна Владимировна
Institution som forfatter: Омский государственный университет (ОмГУ)
Andre forfattere: Власова И. В. Ирина Васильевна (научный руководитель)
Summary:Защита сост. 8.10.2008 г.
Sprog:russisk
Udgivet: Томск, [Б. и.], 2008
Fag:
Format: MixedMaterials Bog
KOHA link:https://koha.lib.tpu.ru/cgi-bin/koha/opac-detail.pl?biblionumber=146457

MARC

LEADER 00000nam0a2200000 4500
001 146457
005 20231101221227.0
035 |a (RuTPU)RU\TPU\book\158754 
090 |a 146457 
100 |a 20081029d2008 k y0rusy50 ca 
101 0 |a rus 
102 |a RU 
105 |a a dm 001zy 
200 1 |a Выбор условий спектрофотометрического анализа смесей (лекарственных препаратов) с применением математического моделирования  |e автореферат диссертации на соискание ученой степени кандидата химических наук  |e спец. 02.00.02  |f А. В. Шилова  |g Омский государственный университет (ОмГУ) ; науч. рук. И. В. Власова 
210 |a Томск  |c [Б. и.]  |d 2008 
215 |a 22 с.  |c ил. 
300 |a Защита сост. 8.10.2008 г. 
320 |a Библиогр.: с. 21-22 (12 назв.). 
606 1 |a Спектрофотометрический анализ  |2 stltpush  |3 (RuTPU)RU\TPU\subj\55821  |9 73779 
610 1 |a аналитическая химия 
610 1 |a смеси 
610 1 |a лекарственные препараты 
610 1 |a компоненты 
610 1 |a моделирование 
610 1 |a модельные смеси 
610 1 |a авторефераты диссертаций 
675 |a 543.422.3(04)  |v 3 
686 |a 02.00.02  |2 oksvnk 
700 1 |a Шилова  |b А. В.  |g Анна Владимировна 
702 1 |a Власова  |b И. В.  |g Ирина Васильевна  |4 727 
712 0 2 |a Омский государственный университет (ОмГУ)  |2 stltpush  |3 (RuTPU)RU\TPU\col\403 
801 1 |a RU  |b 63413507  |c 20081029  |g PSBO 
801 2 |a RU  |b 63413507  |c 20141205  |g PSBO 
942 |c BK